000 00621nam a2200193Ia 4500
003 GCL
008 140319s9999 xx 000 0 ara d
040 _aGCL /
_cGCL
082 0 4 _a005.3
_bا م
100 1 _aالسعيد رمضان العشرى
245 1 0 _aالمدخل العملى لبرامج الحاسب الآلى /
_cالسعيد رمضان العشرى
260 _aالقاهرة :
_bبستان المعرفة
300 _a210 ص ؛
_c25سم
650 0 4 _aويندوز
650 0 4 _aالحاسبات الالكترونية - برامج
650 0 4 _aوورد
650 0 4 _aاكسل
942 _2ddc
_cBK
999 _c6295
_d6295